logo

Bir Sreshtho Munshi Abdur Rouf Library
Jhenaidah Cadet College

রক্ত ও অশ্রুর গাথা / (Record no. 1375)

MARC details
000 -LEADER
fixed length control field 00886nam a22002417a 4500
001 - CONTROL NUMBER
JCCL Control Number 1375
003 - CONTROL NUMBER IDENTIFIER
JCCL marc code BD-JhCC
005 - DATE AND TIME OF LATEST TRANSACTION
control field 20171022134050.0
008 - FIXED-LENGTH DATA ELEMENTS--GENERAL INFORMATION
fixed length control field 171018s2012 bg ao||| |||| 000 0 ben d
020 ## - INTERNATIONAL STANDARD BOOK NUMBER
International Standard Book Number 9879849019268
035 ## - SYSTEM CONTROL NUMBER
system control number (BD-JhCC)1375
040 ## - CATALOGING SOURCE
Original cataloging agency BD-JhCC
Modifying agency BD-JhCC
041 ## - LANGUAGE CODE
Language code of Book ben
082 ## - DEWEY DECIMAL CLASSIFICATION NUMBER
Classification number 891.4425
Author mark and Year LOR 2012
100 ## - MAIN ENTRY--PERSONAL NAME
Personal name লোরকা, ফেদেরিকো গারসিয়া
245 ## - TITLE STATEMENT
Title রক্ত ও অশ্রুর গাথা /
Statement of responsibility, etc ফেদেরিকো গারসিয়া লোরকা; সাজ্জাদ শরিফ (অনু.)
260 ## - PUBLICATION, DISTRIBUTION, ETC. (IMPRINT)
Place of publication, distribution, etc ঢাকা:
Name of publisher, distributor, etc প্রথমা প্রকাশন,
Date of publication, distribution, etc ২০১২.
300 ## - PHYSICAL DESCRIPTION
Pagination ১৩৫ পৃ. :
Other physical details ill. ;
Dimensions ২২ সেমি.
650 ## - SUBJECT ADDED ENTRY--TOPICAL TERM
Topical term or geographic name as entry element Bengali Poetry
700 ## - ADDED ENTRY--PERSONAL NAME
Personal name শরিফ, সাজ্জাদ
942 ## - ADDED ENTRY ELEMENTS (KOHA)
Source of classification or shelving scheme Dewey Decimal Classification
Koha item type Books
Holdings
Source of classification or shelving scheme Damaged status Not for loan Home library Current library Shelving location Date of accession Source of acquisition Cost, normal purchase price Total Checkouts Full call number Barcode Date last seen Copy number Koha item type
Dewey Decimal Classification     JCC Rouf Library JCC Rouf Library General Stacks 10/18/2017 Purchase 230.00   891.4425 LOR 2012 2477 10/18/2017 C-1 Books

JCC Library | Contacts | JCC Home

Last Update on 23 September 2017
Copyright @ 2017-2020 JCC Rouf Library
Rouf Library, Jhenidah Cadet College (JCC), Bangladesh